[Event "Michigan Open Reserve"]
[Site "Lansing, MI"]
[Date "2001.09.02"]
[Round "4.1"]
[White "Sobh, Hassan"]
[Black "LeMaster, Terry"]
[Result "0-1"]
[WhiteElo "1788"]
[BlackElo "1738"]
[Annotator "Jeff Aldrich"]
[PlyCount "120"]
[EventDate "2001.08.31"]

{Bird The Reserve section defending champion tries to continue undefeated by
going to an endgame:} 1. f4 Nf6 2. Nf3 g6 3. d4 Bg7 4. Nbd2 d6 5. e4 Nbd7 {The
game has transitioned into a form of the Pirc opening.} 6. e5 Nd5 7. Ne4 dxe5
8. fxe5 e6 9. Be2 (9. Bg5 {can cause a little havoc on the black king-side.})
9... O-O 10. O-O b6 11. c4 Ne7 12. Bg5 h6 13. Bh4 g5 {Black seems to be
exposing his king a bit, but can white take advantage.} 14. Bf2 Bb7 15. Qc2 f5
16. exf6 Nxf6 17. Bd3 $6 (17. Nxf6+ {keeps black from sending in that annoying
knight.}) 17... Ng4 18. Rad1 Nf5 ({More precise is} 18... Nxf2 19. Nxf2 Bxf3
20. gxf3 Nc6 {going after the d-pawn.}) 19. Qe2 Nxf2 20. Nxf2 Qe8 {By waiting,
black has been forced take care of his weak e-pawn. Now white starts to make
some progress.} 21. Be4 Bxe4 22. Qxe4 Nd6 23. Qe2 Nf7 24. Rfe1 Rd8 25. Qxe6 Qa4
26. Qe2 Rfe8 27. Ne5 $6 ({White was p robably going to have to give a back.
Better to give up the a-pawn with} 27. Ne4 Qxa2 ({If black tries to work on
the pin with} 27... Nd6 28. b3 Qa5 29. Qd3 {White gets out from under it.}) 28.
Ra1 Qb3 29. Ra3 Qb4 30. Re3 {than giving up a key central pawn.}) 27... Nxe5
28. dxe5 Rxd1 29. Qxd1 Qxd1 30. Nxd1 Rxe5 31. Rxe5 Bxe5 {DIAGRAM This is good
example of why bishops are often more powerful in endgame when compared to a
knight. His range gives him targets on both side of the board in the h and
b-pawns. While black untangles, black moves his king for the kill.} 32. g4 Kf7
33. h3 Ke6 34. Kf2 Bd4+ 35. Kf3 Ke5 36. b3 a5 37. Ne3 Bxe3 38. Kxe3 c6 {DIAGRAM
} 39. Kd3 ({Black has the opposition. White was going to have to move his king
at some point, allowing black to invade. An example is} 39. a3 b5 40. cxb5 cxb5
41. a4 b4 {Either way, black will win the rat race.}) 39... Kf4 40. Kd4 Kg3 41.
Ke5 Kxh3 42. Kd6 c5 43. Kc6 Kxg4 44. Kxb6 h5 45. Kxc5 h4 46. Kb5 h3 47. Kxa5 h2
48. a4 h1=Q 49. b4 Qa8+ 50. Kb5 Qb7+ 51. Ka5 Kf5 52. c5 Qc6 53. b5 Qxc5 54. Ka6
g4 55. a5 Qc8+ 56. Ka7 Qc7+ 57. Ka6 g3 58. b6 Qb8 59. b7 g2 60. Kb6 g1=Q+ 0-1

[Event "Michigan Open Booster"]
[Site "Lansing, MI"]
[Date "2001.09.02"]
[Round "2.42"]
[White "Sobh, Alex"]
[Black "Zaremba, Anatoli"]
[Result "0-1"]
[WhiteElo "1198"]
[BlackElo "1061"]
[PlyCount "107"]
[EventDate "2001.08.31"]

1. e4 e5 2. Nf3 Nc6 3. b3 d6 4. Bb2 Be6 5. d4 exd4 6. Nxd4 Nxd4 7. Bxd4 Nf6 8.
Bd3 Be7 9. Qf3 O-O 10. O-O Nd7 11. Nd2 c6 12. Rad1 Bf6 13. Be3 Ne5 14. Qf4 Bg5
15. Qxg5 Qxg5 16. Bxg5 f6 17. Bf4 Nxd3 18. cxd3 d5 19. f3 d4 20. Rc1 Rac8 21.
Bd6 Rfd8 22. Bc5 b6 23. Ba3 c5 24. Rc2 Rc7 25. Bb2 Re8 26. Nc4 Kf7 27. Na3 a6
28. f4 g6 29. h3 h5 30. Kf2 h4 31. g4 hxg3+ 32. Kxg3 g5 33. f5 Bc8 34. Nc4 Rc6
35. Rg1 Kg7 36. Nd2 Kh6 37. Nf3 Bb7 38. Rgc1 Rec8 39. h4 gxh4+ 40. Nxh4 Rg8+
41. Kf4 Rcc8 42. Rh1 Kg7 43. Ng6 Kf7 44. Rh7+ Rg7 45. Rch2 a5 46. Rxg7+ Kxg7
47. Rg2 Kf7 48. Bc1 Ba6 49. Rg3 b5 50. Rh3 Kg7 51. Ne7 Rc7 52. Nd5 Rc8 53. Rg3+
Kf7 54. Kf3 0-1

[Event "Michigan Open Booster"]
[Site "Lansing, MI"]
[Date "2001.09.02"]
[Round "4.42"]
[White "Sobh, Alex"]
[Black "Paulovich, Gerald"]
[Result "0-1"]
[WhiteElo "1198"]
[BlackElo "1199"]
[PlyCount "75"]
[EventDate "2001.08.31"]

1. e4 e6 2. d4 d5 3. e5 c5 4. Be3 Qb6 5. c3 Qxb2 6. Qb3 Qxb3 7. axb3 cxd4 8.
Bxd4 Nc6 9. Bb5 Bd7 10. Bxc6 Bxc6 11. Nf3 a6 12. O-O Be7 13. b4 Nh6 14. Nfd2
Bb5 15. c4 dxc4 16. Nc3 O-O 17. Nxb5 axb5 18. Bc5 Bxc5 19. bxc5 Rac8 20. Ne4
Nf5 21. Rfd1 Rfd8 22. g4 Rxd1+ 23. Rxd1 Ne7 24. Rd7 Nc6 25. f4 Na5 26. Nd6 Rb8
27. Kf2 b4 28. Ke2 b3 29. Kd2 b2 30. Kc2 c3 31. Nb5 Nc4 32. Nxc3 Ne3+ 33. Kxb2
Nxg4 34. Ne4 Nxh2 35. Nd6 Nf3 36. Kc3 h5 37. Nxb7 h4 38. Rd8+ 0-1

[Event "Michigan Open"]
[Site "Lansing, MI"]
[Date "2001.09.02"]
[Round "4.4"]
[White "Smith, Walt"]
[Black "Chobanyan, Sergei"]
[Result "1-0"]
[WhiteElo "1940"]
[BlackElo "2286"]
[PlyCount "69"]
[EventDate "2001.08.31"]

1. f4 Nf6 2. b3 d5 3. Bb2 c5 4. e3 Nc6 5. Nf3 g6 6. c4 d4 7. exd4 cxd4 8. Na3
Bg7 9. d3 O-O 10. Nc2 Ng4 11. h3 Nh6 12. g4 e5 13. Qd2 f5 14. g5 Nf7 15. O-O-O
a5 16. h4 a4 17. b4 a3 18. Bxa3 e4 19. b5 e3 20. Qe1 Rxa3 21. Nxa3 Qd6 22. Nc2
Qxf4 23. Be2 Ne7 24. Qb4 Re8 25. Rdf1 Qc7 26. h5 Rd8 27. hxg6 hxg6 28. Qe1 Be6
29. Qh4 Bxc4 30. dxc4 d3 31. Bxd3 Rxd3 32. Rd1 Rc3 33. Nfd4 Rxc4 34. Qh7+ Kf8
35. Ne6+ 1-0

[Event "Michigan Open"]
[Site "Lansing, MI"]
[Date "2001.09.02"]
[Round "4.18"]
[White "Smith, Ken"]
[Black "Skidmore, Jennifer"]
[Result "0-1"]
[WhiteElo "1830"]
[BlackElo "1906"]
[PlyCount "60"]
[EventDate "2001.08.31"]

1. d4 d5 2. c4 e6 3. Nf3 c6 4. e3 Nf6 5. Nc3 Be7 6. Bd3 O-O 7. O-O Nbd7 8. cxd5
exd5 9. e4 dxe4 10. Nxe4 Nxe4 11. Bxe4 Nf6 12. Bc2 Bg4 13. Be3 Re8 14. h3 Bh5
15. a3 Nd5 16. Qd3 Bg6 17. Qd2 Bf6 18. Bxg6 hxg6 19. Bg5 Qd6 20. Bxf6 gxf6 21.
Rfe1 Kg7 22. Rad1 Nf4 23. Rxe8 Rxe8 24. Re1 Rxe1+ 25. Qxe1 Qd5 26. Qd2 Nxh3+
27. Kf1 Qe4 28. Ne1 Nf4 29. Nf3 Qb1+ 30. Qe1 Qxb2 0-1

[Event "Michigan Open"]
[Site "Lansing, MI"]
[Date "2001.09.02"]
[Round "5.14"]
[White "Skidmore, Mike"]
[Black "Szczypka, Tom"]
[Result "0-1"]
[WhiteElo "1837"]
[BlackElo "1977"]
[PlyCount "71"]
[EventDate "2001.08.31"]

1. c4 c6 2. Nf3 Nf6 3. b3 e6 4. Bb2 d5 5. e3 Nbd7 6. Be2 Qc7 7. cxd5 exd5 8.
Nc3 Bd6 9. Rc1 a6 10. Qc2 Ne5 11. Nxe5 Bxe5 12. f4 Bd6 13. Nxd5 Nxd5 14. Bxg7
Rg8 15. Qxh7 Ne7 16. g4 Bd7 17. h4 O-O-O 18. h5 Bb4 19. Rc2 Be6 20. Bf6 Qd7 21.
Bd4 Bxg4 22. Qxf7 Bxe2 23. Kxe2 Qg4+ 24. Kd3 Rdf8 25. Qh7 Rd8 26. Rc4 Nd5 27.
Rhc1 Nxf4+ 28. exf4 Qf3+ 29. Kc2 Ba3 30. Qf5+ Kb8 31. Rd1 Rgf8 32. Be5+ Ka8 33.
Qe4 Qxh5 34. b4 Qf5 35. Qxf5 Rxf5 36. Kb3 0-1

[Event "Michigan Open"]
[Site "Lansing, MI"]
[Date "2001.09.02"]
[Round "5.17"]
[White "Skidmore, Jennifer"]
[Black "Decker, Dale"]
[Result "1-0"]
[WhiteElo "1906"]
[BlackElo "1852"]
[PlyCount "53"]
[EventDate "2001.08.31"]

1. e4 d5 2. exd5 Qxd5 3. Nf3 Nf6 4. Nc3 Qa5 5. Bc4 Bg4 6. O-O c6 7. Re1 e6 8.
d4 Nbd7 9. Qd3 O-O-O 10. Bf4 Qh5 11. Ne5 Nxe5 12. Rxe5 Bf5 13. Qd2 Bd6 14. Ra5
Bb8 15. Bxb8 Kxb8 16. Qf4+ Ka8 17. Na4 Nd7 18. Qc7 Qg4 19. Nb6+ Nxb6 20. Qxb6
Kb8 21. Rxa7 Rd7 22. Ba6 Qxd4 23. Rxb7+ Ka8 24. Qxc6 Qd6 25. Qxd7 Qxa6 26. Rb4
Bxc2 27. Rc1 1-0

[Event "Michigan Open Booster"]
[Site "Lansing, MI"]
[Date "2001.09.02"]
[Round "4.3"]
[White "Schwan, Fred"]
[Black "Krivochenitser, Roman"]
[Result "0-1"]
[WhiteElo "1230"]
[BlackElo "1381"]
[PlyCount "66"]
[EventDate "2001.08.31"]

1. c4 Nf6 2. Nc3 g6 3. g3 Bg7 4. Bg2 O-O 5. b4 e6 6. Bb2 d5 7. cxd5 exd5 8. d4
Re8 9. Nf3 Nc6 10. Qb3 Bg4 11. Nd1 Qd6 12. a3 Ne4 13. Ne3 Bxf3 14. Bxf3 Nxd4
15. Bxd4 Bxd4 16. Qxd5 Bc3+ 17. Kf1 Nd2+ 18. Kg2 Nxf3 19. Qxd6 cxd6 20. Rac1
Bd2 21. Kxf3 Bxc1 22. Rxc1 Rac8 23. Rd1 Re6 24. Nd5 Rc2 25. e3 Kg7 26. Nf4 Rf6
27. h4 h6 28. Kg2 Kf8 29. a4 g5 30. hxg5 hxg5 31. Nh3 Ke7 32. g4 Rc4 33. Nxg5
Rxg4+ 0-1

[Event "Michigan Open Booster"]
[Site "Lansing, MI"]
[Date "2001.09.02"]
[Round "4.13"]
[White "Schoenfeldt, Ben"]
[Black "Willett, Lindsay"]
[Result "1/2-1/2"]
[WhiteElo "1058"]
[BlackElo "834"]
[PlyCount "106"]
[EventDate "2001.08.31"]

1. d4 d5 2. e4 Nf6 3. e5 Ng8 4. Nc3 e6 5. Nce2 Nc6 6. c3 f6 7. Nf3 f5 8. Ng3
Qe7 9. Bg5 Qf7 10. Bh4 Be7 11. Bxe7 Ngxe7 12. Bd3 Bd7 13. O-O O-O-O 14. b4 a6
15. Nd2 f4 16. Ne2 Nf5 17. Nb3 g5 18. Nc5 Nh4 19. g3 fxg3 20. fxg3 Nf5 21. Qb3
Na7 22. Nxd7 Qxd7 23. g4 Ne3 24. Rf2 Nxg4 25. Rg2 Ne3 26. Rg3 Nf5 27. Rxg5 Rhg8
28. Rxg8 Rxg8+ 29. Kf2 Nh4 30. Rg1 Qf7+ 31. Ke1 Rxg1+ 32. Nxg1 Ng2+ 33. Ke2
Qh5+ 34. Kf1 Qxh2 35. Qa4 Ne3+ 36. Ke1 Qxg1+ 37. Ke2 b5 38. Bxb5 Nxb5 39. Qxa6+
Kd8 40. Qxe6 Nxc3+ 41. Kd3 Qg6+ 42. Qxg6 hxg6 43. Kxe3 Nxa2 44. b5 Kd7 45. Kf3
Nb4 46. Kg4 c6 47. b6 Ke7 48. b7 Na6 49. Kg5 Kf7 50. Kf4 Kg7 51. Kg5 Kf7 52.
Kf4 Kg7 53. Kg5 Kf7 1/2-1/2

[Event "Michigan Open Reserve"]
[Site "Lansing, MI"]
[Date "2001.09.02"]
[Round "4.2"]
[White "Schey, Danny"]
[Black "West, Tony"]
[Result "0-1"]
[WhiteElo "1717"]
[BlackElo "1734"]
[PlyCount "46"]
[EventDate "2001.08.31"]

1. Nf3 d5 2. g3 Nf6 3. Bg2 Nc6 4. d4 Bf5 5. c4 e6 6. a3 Be7 7. Nc3 O-O 8. c5 b6
9. b4 bxc5 10. bxc5 h6 11. Bf4 Nh5 12. Qa4 Nxf4 13. gxf4 Qd7 14. Nd2 Rfd8 15.
e3 Rab8 16. Bf1 a6 17. Bxa6 Ra8 18. Qb5 Rab8 19. Bb7 Nxd4 20. exd4 Qxb5 21.
Nxb5 Rxb7 22. a4 Ra8 23. c6 Rxb5 0-1

[Event "Michigan Open Reserve"]
[Site "Lansing, MI"]
[Date "2001.09.02"]
[Round "4.20"]
[White "Saylor, Oliver"]
[Black "Grzegorczyk, Ron"]
[Result "1-0"]
[WhiteElo "1536"]
[BlackElo "1511"]
[PlyCount "81"]
[EventDate "2001.08.31"]

1. e4 c5 2. Nf3 Nc6 3. d4 cxd4 4. Nxd4 e5 5. Nf3 Nf6 6. Bg5 Be7 7. Nbd2 d6 8.
Bd3 O-O 9. a3 d5 10. exd5 Nxd5 11. Bxe7 Qxe7 12. O-O Kh8 13. Re1 Nf4 14. Be4 f6
15. g3 Ng6 16. Bxg6 hxg6 17. Nh4 Qf7 18. Ne4 g5 19. Nd6 Qc7 20. Ng6+ Kg8 21.
Nxf8 Kxf8 22. Nxc8 Rxc8 23. Re3 Rd8 24. Rd3 Rxd3 25. Qxd3 Nd4 26. c3 Nb3 27.
Rd1 Ke7 28. Qd5 Nc5 29. Qc4 a6 30. b4 Ne6 31. Qxc7+ Nxc7 32. c4 Ne6 33. Rd5 Nd4
34. a4 g4 35. b5 a5 36. c5 g6 37. Kf1 g5 38. b6 Nc6 39. Ke1 Ke6 40. Rd6+ Ke7
41. Rxc6 1-0

[Event "Michigan Open Reserve"]
[Site "Lansing, MI"]
[Date "2001.09.02"]
[Round "4.43"]
[White "Sanborn, Richard"]
[Black "Raban, David"]
[Result "1/2-1/2"]
[WhiteElo "1729"]
[BlackElo "1538"]
[PlyCount "45"]
[EventDate "2001.08.31"]

1. e4 e6 2. d4 d5 3. exd5 exd5 4. Bd3 Nc6 5. c3 Bd6 6. h3 Nge7 7. Ne2 Bf5 8.
Bf4 Bg6 9. O-O O-O 10. Qc2 Bxf4 11. Nxf4 Bxd3 12. Nxd3 Ng6 13. Nd2 Qd6 14. b4
Rae8 15. Rfe1 Nf4 16. Nxf4 Qxf4 17. Nf3 Re4 18. b5 Na5 19. Ne5 Rxe1+ 20. Rxe1
Re8 21. g3 Qh6 22. Kg2 Qe6 23. a4 1/2-1/2

[Event "Michigan Open Reserve"]
[Site "Lansing, MI"]
[Date "2001.09.02"]
[Round "1.41"]
[White "Sanborn, Richard"]
[Black "Laurin, Edward"]
[Result "1/2-1/2"]
[WhiteElo "1729"]
[BlackElo "1551"]
[PlyCount "68"]
[EventDate "2001.08.31"]

1. e4 d6 2. d4 Nf6 3. Bd3 e5 4. dxe5 dxe5 5. h3 Nbd7 6. Be3 Bc5 7. Qd2 b6 8.
Ne2 Bxe3 9. Qxe3 Nc5 10. Bb5+ Bd7 11. Bxd7+ Qxd7 12. Nbc3 O-O 13. O-O Qc6 14.
f3 Ne6 15. Rad1 Qc5 16. Qxc5 Nxc5 17. Nd5 Nxd5 18. Rxd5 Rad8 19. Rfd1 Rxd5 20.
Rxd5 f6 21. Kf2 Rf7 22. Ke3 Rd7 23. c4 c6 24. Rxd7 Nxd7 25. b4 Kf7 26. Nc3 Ke6
27. Kd3 g6 28. g4 f5 29. exf5+ gxf5 30. Ne2 b5 31. Ng3 fxg4 32. fxg4 Nf6 33. a3
a6 34. g5 Nd7 1/2-1/2

[Event "Michigan Open Reserve"]
[Site "Lansing, MI"]
[Date "2001.09.02"]
[Round "5.12"]
[White "Sanborn, Richard"]
[Black "Aldrich, Justin"]
[Result "0-1"]
[WhiteElo "1729"]
[BlackElo "1525"]
[PlyCount "84"]
[EventDate "2001.08.31"]

1. e4 e5 2. f4 exf4 3. Nf3 Nc6 4. Bc4 d6 5. O-O Bg4 6. c3 Nf6 7. Qc2 Bh5 8. d4
Be7 9. Bxf4 a6 10. b4 Bg6 11. Bd3 O-O 12. Nh4 Bxe4 13. Bxe4 Nxe4 14. Nf5 Nf6
15. Nd2 Nd5 16. Rae1 Bg5 17. Bxg5 Qxg5 18. Nf3 Qd8 19. a3 Qd7 20. c4 Nde7 21.
Ng3 Ng6 22. Qc3 Rae8 23. b5 axb5 24. cxb5 Nce7 25. Qc4 c6 26. a4 cxb5 27. axb5
Rc8 28. Qd3 Nd5 29. Rf2 Ngf4 30. Qf1 Rc3 31. Rd2 Ne3 32. Rxe3 Rxe3 33. Ng5 Qg4
34. N5e4 Re8 35. h3 Nxh3+ 36. gxh3 Rxg3+ 37. Nxg3 Qxg3+ 38. Rg2 Qc3 39. Qf2
Qxh3 40. Rg3 Qe6 41. Qg2 Qe1+ 42. Qf1 Qxg3+ {[Rated at 2. Black grabs a pawn,
then wins in a small drizzle of tactics after White putzes around.]} 0-1

[Event "Michigan Open Reserve"]
[Site "Lansing, MI"]
[Date "2001.09.02"]
[Round "3.44"]
[White "Raban, David"]
[Black "Swathell, Gary"]
[Result "1-0"]
[WhiteElo "1538"]
[BlackElo "1570"]
[PlyCount "86"]
[EventDate "2001.08.31"]

1. d4 Nf6 2. c4 d5 3. cxd5 Nxd5 4. Nf3 g6 5. e4 Nf6 6. Nc3 Bg7 7. h3 O-O 8. Be3
b6 9. Bd3 Ba6 10. O-O Bxd3 11. Qxd3 c5 12. Rfd1 cxd4 13. Nxd4 Nbd7 14. Nc6 Qe8
15. Qe2 Nc5 16. f3 Qxc6 17. Rac1 Qb7 18. e5 Nfd7 19. f4 Nb8 20. Nb5 a6 21. Nd4
Nc6 22. Nxc6 Qxc6 23. b4 Qb5 24. Qxb5 axb5 25. bxc5 Rxa2 26. cxb6 g5 27. b7
gxf4 28. Bxf4 Ra7 29. Rc7 b4 30. b8=Q Rxb8 31. Rxa7 b3 32. Rb1 e6 33. Ra3 b2
34. Ra2 h5 35. Raxb2 Ra8 36. Rb8+ Rxb8 37. Rxb8+ Kh7 38. Kf2 Kg6 39. Kf3 Kf5
40. Rg8 Kg6 41. Ke4 Kh7 42. Ra8 Kg6 43. Ra7 Bf8 {End of scoresheet.} 1-0

[Event "Michigan Open Reserve"]
[Site "Lansing, MI"]
[Date "2001.09.02"]
[Round "5.16"]
[White "Raban, David"]
[Black "Choate, Eric"]
[Result "1/2-1/2"]
[WhiteElo "1538"]
[BlackElo "1370"]
[PlyCount "59"]
[EventDate "2001.08.31"]

1. d4 d5 2. c4 c6 3. Nf3 Nf6 4. Nc3 e6 5. Bg5 Nbd7 6. e3 Be7 7. Bd3 h6 8. Bxf6
Nxf6 9. O-O Bd6 10. Qe2 O-O 11. Rfd1 Re8 12. Rac1 Qc7 13. Qc2 Qb8 14. Qb3 e5
15. dxe5 Bxe5 16. h3 Bxc3 17. Qxc3 Be6 18. Nd4 dxc4 19. Bxc4 Bxc4 20. Qxc4 Qe5
21. Nf3 Qc7 22. Rd4 Rad8 23. Rcd1 Rxd4 24. Qxd4 a6 25. Qd6 Qxd6 26. Rxd6 Kf8
27. Nd4 Nd5 28. Kf1 g6 29. Rd7 Re7 30. Rd8+ {[Rated at 2. The players show
excellent knowledge of the Table of Relative Value of Pieces.]} 1/2-1/2

[Event "Michigan Open Booster"]
[Site "Lansing, MI"]
[Date "2001.09.02"]
[Round "3.41"]
[White "Paulovich, Gerald"]
[Black "Gattinger, John"]
[Result "0-1"]
[WhiteElo "1199"]
[BlackElo "1192"]
[PlyCount "82"]
[EventDate "2001.08.31"]

1. a3 d5 2. Nf3 Nc6 3. e3 e5 4. Bb5 Bg4 5. h3 Bxf3 6. Qxf3 e4 7. Qf4 Qd6 8.
Qxd6 Bxd6 9. O-O Nge7 10. Nc3 O-O 11. Bxc6 bxc6 12. d3 f5 13. d4 Rab8 14. Na4
Ng6 15. Nc5 Bxc5 16. dxc5 f4 17. Bd2 Rxb2 18. Rfc1 fxe3 19. fxe3 Rb5 20. Bb4 a5
21. Bc3 Rxc5 22. Bd4 Rb5 23. c4 dxc4 24. Rxc4 Ne5 25. Bxe5 Rxe5 26. Rxc6 Rf7
27. Rac1 Rb5 28. R6c5 Rb3 29. Rxa5 Rxe3 30. Ra8+ Rf8 31. Rxf8+ Kxf8 32. Rxc7
Rxa3 33. Rc1 Ke7 34. Re1 Ra4 35. Kf2 Kf6 36. Kg3 Ke5 37. Kf2 Ra2+ 38. Ke3 Rxg2
39. h4 Rh2 40. Rg1 Rh3+ 41. Ke2 Kf4 0-1

[Event "Michigan Open Reserve"]
[Site "Lansing, MI"]
[Date "2001.09.02"]
[Round "4.14"]
[White "Nicolli, Randy"]
[Black "Hazzard, Bill"]
[Result "1/2-1/2"]
[WhiteElo "1706"]
[BlackElo "1520"]
[PlyCount "151"]
[EventDate "2001.08.31"]

1. f4 d5 2. Nf3 Nf6 3. e3 Bg4 4. Be2 Nbd7 5. O-O Bxf3 6. Bxf3 e5 7. fxe5 Nxe5
8. d3 Bd6 9. Qe2 O-O 10. Nc3 c6 11. e4 Bc5+ 12. Kh1 Re8 13. Bg5 d4 14. Nd1 Be7
15. Bxf6 Bxf6 16. Nf2 Qd6 17. Ng4 Re6 18. Nxe5 Bxe5 19. Bg4 Rh6 20. h3 Rf6 21.
Rf5 Rxf5 22. exf5 f6 23. Bf3 Qd7 24. g4 Re8 25. Be4 Bb8 26. Re1 Qd6 27. Qg2 Kf8
28. Rg1 h6 29. h4 Qf4 30. Qh3 Kg8 31. g5 hxg5 32. hxg5 fxg5 33. f6 Qxf6 34.
Bh7+ Kf8 35. Rf1 Bf4 36. Kg1 Qe6 37. Qh5 Qe3+ 38. Kh1 Qg3 39. Bg6 Re1 40. Qh8+
Ke7 41. Qxg7+ Kd6 42. Qxd4+ Kc7 43. Qg7+ Kd8 44. Qh8+ Kc7 45. Rxe1 Qxe1+ 46.
Kg2 Qg3+ 47. Kh1 Be5 48. Qh7+ Kb6 49. c3 Qf3+ 50. Kg1 g4 51. Be4 Qd1+ 52. Kg2
Qe2+ 53. Kg1 g3 54. Qf5 Qe3+ 55. Kg2 Bf4 56. d4 Qf2+ 57. Kh3 Qh2+ 58. Kg4 Bd6
59. Qf3 Qxb2 60. d5 Qxa2 61. dxc6 bxc6 62. Bxc6 Qg8+ 63. Kh3 Qh7+ 64. Kg4 Qg6+
65. Kh3 a5 66. Qd5 Bc5 67. Ba8 Qh6+ 68. Kxg3 Qd6+ 69. Kf3 Qxd5+ 70. Bxd5 a4 71.
Ke2 Ka5 72. Kd2 Bd6 73. Kc2 Kb5 74. c4+ Kb4 75. Kb2 Bc5 76. Ka2 1/2-1/2

[Event "Michigan Open Reserve"]
[Site "Lansing, MI"]
[Date "2001.09.02"]
[Round "4.19"]
[White "Mose, Greg"]
[Black "Hubbell, William"]
[Result "1-0"]
[WhiteElo "1500"]
[BlackElo "1128"]
[PlyCount "27"]
[EventDate "2001.08.31"]

1. e4 e5 2. Nf3 Nf6 3. d4 d6 4. dxe5 Nxe4 5. exd6 Nxd6 6. Bd3 Qe7+ 7. Be3 Nd7
8. O-O Qd8 9. Re1 Be7 10. Bg5 O-O 11. Bxe7 Qe8 12. Bxd6 Qxe1+ 13. Qxe1 Rd8 14.
Bxc7 1-0

[Event "Michigan Open Reserve"]
[Site "Lansing, MI"]
[Date "2001.09.02"]
[Round "5.11"]
[White "Mose, Greg"]
[Black "Ash, Richard"]
[Result "0-1"]
[WhiteElo "1500"]
[BlackElo "1781"]
[PlyCount "120"]
[EventDate "2001.08.31"]

1. e4 e5 2. Nf3 Nc6 3. Bb5 Nf6 4. O-O Nxe4 5. Re1 Nd6 6. Nxe5 Be7 7. Nxc6 dxc6
8. Ba4 O-O 9. d4 Bf5 10. Nd2 Bf6 11. c3 Qd7 12. d5 b5 13. Bb3 Rfe8 14. dxc6
Rxe1+ 15. Qxe1 Qxc6 16. Nf3 Re8 17. Qd1 Be4 18. Be3 Nc4 19. Bxc4 bxc4 20. Bd4
Rd8 21. Qe2 Bxf3 22. Qxf3 Qxf3 23. gxf3 Bxd4 24. cxd4 Rxd4 25. Rc1 f5 26. b3
cxb3 27. axb3 Rd3 28. Rxc7 Rxf3 29. Rxa7 Rxb3 30. Kg2 h6 31. h4 Kh7 32. h5 Rb4
33. Kg3 Rg4+ 34. Kh3 Rg1 35. Rf7 Rh1+ 36. Kg3 Rxh5 37. Kf4 Kg6 38. Rf8 Rg5 39.
f3 Rh5 40. Kg3 Kg5 41. Rf7 f4+ 42. Kg2 g6 43. Rf8 Rh4 44. Rd8 Kf5 45. Rd5+ Ke6
46. Rb5 Rh5 47. Rb6+ Kf5 48. Rb5+ Kf6 49. Rb6+ Kg5 50. Rb5+ Kh4 51. Rb1 Re5 52.
Kf2 Kg5 53. Rg1+ Kf5 54. Rg2 Ra5 55. Rg4 h5 56. Rh4 Kg5 57. Rh3 h4 58. Ke2 Kh5
59. Kd3 Ra4 60. Kc3 g5 {[Rated at 2. No real blunders, but the play on neither
side is particularly convincing.]} 0-1

[Event "Michigan Open"]
[Site "Lansing, MI"]
[Date "2001.09.02"]
[Round "5.12"]
[White "Morris, Jewell"]
[Black "Hahn, David"]
[Result "0-1"]
[WhiteElo "1853"]
[BlackElo "2162"]
[PlyCount "167"]
[EventDate "2001.08.31"]

1. d4 d6 2. e4 Nf6 3. Nc3 g6 4. Nf3 Bg7 5. h3 a6 6. Bd3 Nc6 7. d5 Nb8 8. Bf4 c6
9. Qd2 cxd5 10. exd5 Nbd7 11. O-O O-O 12. Bh6 Nc5 13. Bxg7 Kxg7 14. Rfe1 b5 15.
Nd4 Bb7 16. Qg5 Kh8 17. a3 Ng8 18. Re3 e5 19. Nf3 f5 20. Bf1 Qxg5 21. Nxg5 Nf6
22. b4 Ncd7 23. Ne6 Rfc8 24. Ng5 Kg8 25. Rd1 Nb6 26. f4 e4 27. Ne6 Nfxd5 28.
Nxd5 Nxd5 29. Rg3 Rxc2 30. Nd4 Rc3 31. Nxf5 Rxg3 32. Nxg3 Re8 33. f5 e3 34.
fxg6 hxg6 35. Be2 Re7 36. Bf3 Nc3 37. Rxd6 Bxf3 38. gxf3 e2 39. Nxe2 Nxe2+ 40.
Kf2 Kg7 41. Rxa6 Nd4 42. a4 Rf7 43. axb5 Rxf3+ 44. Kg2 Rb3 45. b6 Rxb4 46. Ra7+
Kh6 47. Rd7 Nc6 48. b7 Na5 49. Rd5 Nxb7 50. Kg3 Rc4 51. Kf3 Nc5 52. Re5 Nd3 53.
Re3 Nf4 54. Kg3 Kh5 55. Re8 Kh6 56. Rh8+ Kg7 57. Re8 Nh5+ 58. Kg2 Rc3 59. Re4
Kh6 60. Ra4 Ng7 61. Rh4+ Kg5 62. Rg4+ Kf6 63. Ra4 Nf5 64. Re4 Rc4 65. Re2 Rc2
66. Rxc2 Ne3+ 67. Kf3 Nxc2 68. Kf4 Nd4 69. h4 Ne6+ 70. Ke4 Ng7 71. Kf4 Nh5+ 72.
Kg4 Kg7 73. Kg5 Kh7 74. Kg4 Kh6 75. Kh3 Nf6 76. Kg3 Kh5 77. Kh3 Ne4 78. Kg2
Kxh4 79. Kh2 g5 80. Kg2 g4 81. Kh2 g3+ 82. Kg2 Kg4 83. Kh1 Kh3 84. Kg1 0-1

[Event "Michigan Open Reserve"]
[Site "Lansing, MI"]
[Date "2001.09.02"]
[Round "4.4"]
[White "Moroney, Timothy"]
[Black "Yang, Yinghan"]
[Result "0-1"]
[WhiteElo "1581"]
[BlackElo "1759"]
[PlyCount "52"]
[EventDate "2001.08.31"]

1. e4 c5 2. Nf3 d6 3. d4 cxd4 4. Nxd4 Nf6 5. Nc3 a6 6. Qf3 Nbd7 7. h3 e6 8. g4
h6 9. Be3 Qc7 10. O-O-O b5 11. e5 Bb7 12. Qg3 dxe5 13. Bg2 Bxg2 14. Qxg2 Rc8
15. Nde2 b4 16. f4 bxc3 17. Nxc3 exf4 18. Bd2 Nd5 19. Rhf1 Ne5 20. Rf3 Nxf3 21.
Qxf3 Bb4 22. Qd3 Nxc3 23. Bxc3 Bxc3 24. bxc3 O-O 25. Qf3 Qxc3 26. Qe2 Rfd8 0-1

[Event "Michigan Open Reserve"]
[Site "Lansing, MI"]
[Date "2001.09.02"]
[Round "4.16"]
[White "Moore, Robert"]
[Black "Imai, Toshio"]
[Result "1-0"]
[WhiteElo "1600"]
[BlackElo "1400"]
[PlyCount "77"]
[EventDate "2001.08.31"]

1. e4 e5 2. Nf3 f5 3. d3 d6 4. Nc3 Nf6 5. h3 Be7 6. exf5 Bxf5 7. Be3 Nc6 8. d4
exd4 9. Nxd4 Qd7 10. Nxf5 Qxf5 11. Bd3 Qe5 12. O-O a6 13. Re1 Qa5 14. Bd2 Qh5
15. Qxh5+ Nxh5 16. Nd5 Kd8 17. Nxe7 Nxe7 18. Bg5 Nf6 19. Re6 Ned5 20. Rae1 h6
21. Bxf6+ Nxf6 22. Bg6 Kd7 23. Re7+ Kc6 24. R1e3 Nd5 25. Be4 Kc5 26. Bxd5 Kxd5
27. Rxc7 Rac8 28. c4+ Kd4 29. Rxg7 b5 30. Rg4+ Kc5 31. Rc3 b4 32. Rd3 Rc6 33.
b3 Re8 34. Kf1 Re6 35. Rd5+ Kb6 36. f4 Rc7 37. f5 Rf6 38. Rg6 Rcf7 39. Rxd6+
1-0

[Event "Michigan Open"]
[Site "Lansing, MI"]
[Date "2001.09.02"]
[Round "4.17"]
[White "McIntosh, Shawn"]
[Black "Williams, Ron"]
[Result "1/2-1/2"]
[WhiteElo "1845"]
[BlackElo "1999"]
[PlyCount "107"]
[EventDate "2001.08.31"]

1. e4 Nc6 2. Nf3 e5 3. Bb5 d6 4. d4 exd4 5. Nxd4 Bd7 6. O-O Nge7 7. Nc3 g6 8.
Bg5 Bg7 9. Nde2 f6 10. Bh4 Ne5 11. Nd4 O-O 12. f4 N5c6 13. Bc4+ Kh8 14. Ne6
Bxe6 15. Bxe6 Nb8 16. Qd2 Qe8 17. Rae1 Nec6 18. Bg4 h5 19. Bf3 Na6 20. Nd5 Ne7
21. Nc3 Rd8 22. Qe2 Nc6 23. Nb5 Rd7 24. c3 Nc5 25. f5 Ne5 26. fxg6 Nxf3+ 27.
Rxf3 Qxg6 28. Rf5 Re8 29. Qxh5+ Qxh5 30. Rxh5+ Kg8 31. Nd4 Rde7 32. Rf1 Nxe4
33. Nf5 Re5 34. Rf4 c6 35. Rg4 Ng5 36. Nxg7 Kxg7 37. Bxg5 Rxg5 38. Rhxg5+ fxg5
39. Rxg5+ Kf6 40. Ra5 a6 41. Kf2 d5 42. Ra4 Kg5 43. g3 Rf8+ 44. Rf4 Rxf4+ 45.
gxf4+ Kxf4 46. h4 Kg4 47. Ke3 Kxh4 48. Kd4 Kg4 49. b4 Kf4 50. a4 Kf5 51. b5
cxb5 52. axb5 Ke6 53. bxa6 bxa6 54. c4 1/2-1/2